| 000 | 01102nam a2200361 a 4500 | ||
|---|---|---|---|
| 003 | AR-BaBNM | ||
| 005 | 20251128210652.0 | ||
| 008 | 082120s2002 ||||||||||||||000 | spa|| | ||
| 020 | _a84-7666-101-0 | ||
| 040 | _cAR-BaBNM | ||
| 245 | 0 | 0 |
_aEnseñanza de la historia de Iberoamérica _bcurrículo tipo, guía para el profesor |
| 260 |
_aMadrid _bOEI _c1999 |
||
| 300 |
_a136 p. _btablas, mapas |
||
| 500 | _aContiene referencias bibliográficas y anexos | ||
| 650 | 4 | _aENSEÑANZA DE LA HISTORIA | |
| 650 | 4 | _aMETODOS DE ENSEÑANZA | |
| 650 | 4 | _aEVALUACION DEL ALUMNO | |
| 650 | 4 | _aINTEGRACION REGIONAL | |
| 651 | 4 | _aIBEROAMERICA | |
| 653 | _aCONTENIDOS CURRICULARES | ||
| 653 | _aORGANIZACION CURRICULAR | ||
| 653 | _aGLOBALIZACION | ||
| 700 | 1 | _aArze Aguirre, René | |
| 700 | 1 | _aBéjar, María Dolores | |
| 700 | 1 | _aBlas Zabaleta, Patricio de | |
| 700 | 1 | _aDíaz Pendás, Horacio | |
| 700 | 1 | _aErbetta, Hugo | |
| 700 | 1 | _aFlores Auñón, Juan Carlos | |
| 700 | 1 | _aPuente Brunke, José de la | |
| 700 | 1 | _aServiá Reymundo, Mª Jesús | |
| 942 | _cBK | ||
| 998 | _cRAQUEL | ||
| 999 |
_c16366 _d16366 |
||